000 01620nam a2200397Ia 4500
001 ebr10171490
003 CaPaEBR
006 m u
007 cr cn|||||||||
008 070525s2007 nyu sb 001 0 eng d
010 _z 2006051371
020 _z0230603637
020 _z1403976546 (alk. paper)
020 _z9781403976543 (alk. paper)
040 _aCaPaEBR
_cCaPaEBR
035 _a(OCoLC)244656481
050 1 4 _aPR658.H44
_bB33 2007eb
100 1 _aBach, Rebecca Ann.
245 1 0 _aShakespeare and Renaissance literature before heterosexuality
_h[electronic resource] /
_cRebecca Ann Bach.
250 _a1st ed.
260 _aNew York :
_bPalgrave Macmillan,
_c2007.
300 _axi, 243 p.
504 _aIncludes bibliographical references (p. [183]-235) and index.
533 _aElectronic reproduction.
_bPalo Alto, Calif. :
_cebrary,
_d2009.
_nAvailable via World Wide Web.
_nAccess may be limited to ebrary affiliated libraries.
600 1 0 _aShakespeare, William,
_d1564-1616
_xCriticism and interpretation.
650 0 _aEnglish drama
_yEarly modern and Elizabethan, 1500-1600
_xHistory and criticism.
650 0 _aHeterosexuality in literature.
650 0 _aEnglish drama
_y17th century
_xHistory and criticism.
650 0 _aHeterosexuality
_zEngland
_xHistory.
650 0 _aSex in literature.
650 0 _aAdultery in literature.
650 0 _aLust in literature.
655 7 _aElectronic books.
_2local
710 2 _aebrary, Inc.
856 4 0 _uhttp://site.ebrary.com/lib/rucke/Doc?id=10171490
_zAn electronic book accessible through the World Wide Web; click to view
999 _c248719
_d248719